000 00281nam a2200109Ia 4500
008 220204s9999 xx 000 0 und d
082 _a82-3
_bKHU
100 _aKhushwant Singh
245 2 _aA bride for the Sahib and other stories
260 _aNew Delhi
_bOrient
_c1967
942 _cBK
999 _c32272
_d32272